| 000 | 00458nam a22001937a 4500 | ||
|---|---|---|---|
| 005 | 20260121112638.0 | ||
| 008 | 260121b |||||||| |||| 00| 0 eng d | ||
| 020 |
_a9789391820817 _c650.00 |
||
| 040 | _aMAIN | ||
| 041 | _aEnglish | ||
| 082 |
_a519.5 _bGUP |
||
| 100 |
_aGupta, S.P. _91670 |
||
| 245 | _aFundamentals of Business Statics | ||
| 250 | _a1st | ||
| 260 |
_aNew Delhi _bS. Chand _c2025 |
||
| 300 | _aV.P. | ||
| 650 | _aCommerce | ||
| 942 | _cBK | ||
| 999 |
_c60016 _d60016 |
||